000 01664nam0a22003251 4500
001 RU\NLR\INFOCOMM_253\5000045493
005 20250613100441.0
035 _a(NLR Aleph) 009343373
090 _a9526665
_c9526665
100 _a20101029d1981 |||y0rusy50 ca
101 0 _afre
102 _aRU
105 _ay ||||000|y
200 1 _aLes principaux types de sources de l'information scientifique et technique
_eDoc. inéd. et publ. périod.
_eMan. pour les étudiants des Cours interrégionaux de l'inform. industr. et documentation organisés par l'ONUDI et l'UNESCO en collab. avec le Gouv. de l'URSS
_fS. Y. Fokin
_gONUDI - UNESCO. cours interrégionaux de la formation des spécialistes en inform. industr et documentation
210 _aМосква
_cВИНИТИ
_d1981
215 _a112 с.
_d26 см
300 _aВ вып. дан.: Основные виды источников научно-технической информации : Неопубл. документы и период. изд. Учеб. пособие / С. Я. Фокин
300 _aНа тит. л.: Les cours sont réalisés par l'Inst. de l'inform. sci. et techn. de l'URSS, 26 mars - 3 juin 1981
320 _aБиблиогр. в конце глав
606 _aИнформационные документы
_jРуководства, пособия и т. п.
_2nlr_sh1
686 _aЧ231.117
_2rubbk
686 _aЧ231.11
_2rubbk
686 _aЧ23я7
_2rubbk
700 1 _9z01790
_aFokin
_bS. Ja.
_4070
790 1 _9z01700
_aFokin
_bS. Y.
_4070
801 1 _aRU
_bNLR
_c20101029
801 0 _aRU
_bNLR
_gPSBO
852 _aNLR
_jПр91 Д-7/94
942 _cBOOK
980 _aNB